| 000 | 00610nam a22001937a 4500 | ||
|---|---|---|---|
| 008 | 250307b |||||||| |||| 00| 0 eng d | ||
| 040 |
_aKABU _cKABU |
||
| 050 |
_aThe G155 _b.W33 2019 |
||
| 100 | _aWacira, Ann Wambui | ||
| 245 |
_aDeveloping a tourism model for performance by public destination marketing agencies in Kenya / _cAnn Wambui Wacira |
||
| 260 |
_aNakuru, Kenya: _bKabarak University, _c2019 |
||
| 300 | _axx, 202p. | ||
| 500 | _aUnpublished PHD Thesis | ||
| 650 | _aTourism model | ||
| 650 | _aDestination Marketing | ||
| 700 | _aMwaura, Peter | ||
| 700 | _aTanui, John | ||
| 942 |
_2lcc _cTHE |
||
| 999 |
_c20697 _d20696 |
||